00791nam a2200253Ia 4500001000500000005001700005007000300022008004100025040002500066041000800091082002300099100001800122245009500140250001400235260004000249300001800289504001000307653001800317653001800335653001600353942001200369952014100381999001500522343220240113233629.0ta180117s1990 ii a g b000 u 465 u aCotton College,Assam aeng a954.162bBh 469 Tu aBhuyan, S.K.. 0aTungkhungia Buranji or a History of Assam 1681-1826 A.D /cS.K. Bhuyan.hTextual Documents a3rd ed. / aGuwahati :bGovt. of Assam ,c1990. a262p :bill ; aIndex aHistory-Assam aAssam History aRef-History 2ddccBK 001040718General aSKBLbSKBLcRef-Historyd2012-02-01f00000l0o954.162 Bh 469 Tup34 /Giftr2024-01-13 00:00:00t1w2012-02-01yBK c3420d3420